| 000 | 00651nam a2200169 a 4500 | ||
|---|---|---|---|
| 001 | 000047873 | ||
| 005 | 20250220104609.0 | ||
| 008 | 181001s2012 dr r 000 0 spa d | ||
| 040 |
_aDO-SdBNP _bspa _cBNPHU |
||
| 082 |
_axxxx _bR426inve |
||
| 110 | 1 |
_aRepública Dominicana. _bMinisterio de Defensa. _975436 |
|
| 245 | 1 | 0 |
_aInvestigaciones estratégicas : _bcompendio de monografías de la especialidad altos estudios estratégicos, promociones 2012-2014. |
| 260 |
_aSanto Domingo : _bINSUDE, _c2012. |
||
| 300 |
_av. ; _c23 cm. |
||
| 590 | _aInventariado, 2018/BT | ||
| 710 | 2 |
_aInstituto Superior para la Defensa General Juan Pablo Duarte y Díez _975437 |
|
| 999 |
_c47361 _d47361 |
||